| 000 | 00646nam a2200241Ia 4500 | ||
|---|---|---|---|
| 008 | 160404s9999 xx 000 0 und d | ||
| 020 | _a971-08-6770-9 | ||
| 050 | _aFIL HF 5635 | ||
| 050 | _b.A74 2007 | ||
| 100 | _aArganda, Amelia M. | ||
| 245 | _aAccounting principles 2 : | ||
| 245 | _btextbook / workbook / | ||
| 245 | _cAmelia M. Arganda, Carmen C. Herrero. | ||
| 250 | _a4th Edition | ||
| 260 | _aMandaluyong: | ||
| 260 | _bNational Book Store, | ||
| 260 | _c2007 | ||
| 300 | _a300 pages : | ||
| 300 | _billustrations ; | ||
| 300 | _c25 cm. | ||
| 650 | _aAccounting. | ||
| 650 | _xAccounting -- Problems, exercises, etc. | ||
| 999 |
_c293194 _d293194 |
||